书目信息 |
| 题名: |
舞台姐妹
|
|
| 作者: | ;上海文艺出版社 编 | |
| 分册: | ||
| 出版信息: | 上海 上海文艺出版社 1982 |
|
| 页数: | 309页 | |
| 开本: | 20cm | |
| 丛书名: | ||
| 单 册: | ||
| 中图分类: | J905.2 | |
| 科图分类: | ||
| 主题词: | 电影评论-舞台姐妹 , 电影剧本--中国--现代 | |
| 电子资源: | ||
| ISBN: | ||
| 000 | 00679nam0 2200241 45 | |
| 001 | 0182000243 | |
| 005 | 20060912171753.04 | |
| 010 | @dCNY1.20 | |
| 091 | @aCN@b8078.3340 | |
| 100 | @a19960215d1982 em y0chiy0121 ea | |
| 101 | 0 | @achi |
| 102 | @aCN@b310000 | |
| 105 | @af z 000by | |
| 200 | 10 | @a舞台姐妹@Awu tai jie mei@e从提纲到影片@f上海文艺出版社编 |
| 210 | @a上海@c上海文艺出版社@d1982 | |
| 215 | @a309页@c剧照@d20cm | |
| 605 | @a舞台姐妹-电影评论 | |
| 606 | @a电影评论-舞台姐妹 | |
| 606 | @a电影剧本@y中国@z现代 | |
| 690 | @aJ905.2@v3 | |
| 711 | 02 | @a上海文艺出版社@Ashang hai wen yi chu ban she@4编 |
| 801 | 0 | @aCN@bTSSF@c20060912 |
| 905 | @a10447@dJ905.2@e132 | |
| 舞台姐妹:从提纲到影片/上海文艺出版社编.-上海:上海文艺出版社,1982 |
| 309页:剧照;20cm |
| ISBN :CNY1.20 |
| ● |
| 相关链接 |
|
|
|
|
正题名:舞台姐妹
索取号:J905.2/132
 
预约/预借
| 序号 | 登录号 | 条形码 | 馆藏地/架位号 | 状态 | 备注 |
| 1 | 0444508 | 204445083 | 密集书库/ [索取号:J905.2/132] | 在馆 | |
| 2 | 0466173 | 204661730 | 密集书库/ [索取号:J905.2/132] | 在馆 | |
| 3 | 0466174 | 204661749 | 密集书库/ [索取号:J905.2/132] | 在馆 | |
| 4 | 0474184 | 204741841 | 密集书库/ [索取号:J905.2/132] | 在馆 |